00329nam a2200121Ia 4500003000400000008004100004040001600045082001900061245005600080260005500136300001100191490000500202GCL140319s9999 xx 000 0 ara d aGCL / cGCL04a962.064bح ث10aثورة يوليو واتفاقية السودان a[S.N] : bمؤسسة سجل العرب ، c1982 a138 ص a